MARC

LEADER 00000nam0a2200000 4500
001 259719
005 20231101233418.0
035 |a (RuTPU)RU\TPU\book\282665 
090 |a 259719 
100 |a 20140512d1987 k y0rusy50 ca 
101 0 |a rus 
102 |a RU 
105 |a a z 001zy 
200 1 |a Силовые тиристорные пребразователи  |e межвузовский сборник научных трудов  |f Новосибирский электротехнический институт (НЭТИ) ; под ред. Г. В. Грабовецкого 
210 |a Новосибирск  |c Изд-во НЭТИ  |d 1987 
215 |a 162 с.  |c ил. 
320 |a Библиогр. в конце ст. 
606 1 |a Преобразователи   |2 stltpush  |3 (RuTPU)RU\TPU\subj\51346  |9 69758 
610 1 |a тиристорные преобразователи 
610 1 |a силовые преобразователи 
610 1 |a построение 
610 1 |a системы электроснабжения 
610 1 |a электропитание 
610 1 |a электроприводы 
675 |a 621.314.26  |v 3 
702 1 |a Грабовецкий  |b Г. В.  |4 340 
712 0 2 |a Новосибирский электротехнический институт (НЭТИ)  |c (1950-1992)  |2 stltpush  |3 (RuTPU)RU\TPU\col\203 
801 1 |a RU  |b 63413507  |c 20140512 
801 2 |a RU  |b 63413507  |c 20150114  |g RCR 
942 |c BK